<?xml version="1.0" encoding="UTF-8"?>
<record
    xmlns:xsi="http://www.w3.org/2001/XMLSchema-instance"
    xsi:schemaLocation="http://www.loc.gov/MARC21/slim http://www.loc.gov/standards/marcxml/schema/MARC21slim.xsd"
    xmlns="http://www.loc.gov/MARC21/slim">

  <leader>02579nam a22002057a 4500</leader>
  <controlfield tag="005">20230808103631.0</controlfield>
  <controlfield tag="008">230808b           ||||| |||| 00| 0 eng d</controlfield>
  <datafield tag="027" ind1=" " ind2=" ">
    <subfield code="q">9789814575133</subfield>
  </datafield>
  <datafield tag="050" ind1=" " ind2=" ">
    <subfield code="a">HB171.5.M47(20e)</subfield>
  </datafield>
  <datafield tag="100" ind1=" " ind2=" ">
    <subfield code="9">McConnell, Campbell R. </subfield>
  </datafield>
  <datafield tag="245" ind1=" " ind2=" ">
    <subfield code="a">Economics: principles, problems and policies /</subfield>
    <subfield code="c">Campbell R. McConnell, Stanley L. Brue and Sean M. Flynn.</subfield>
  </datafield>
  <datafield tag="250" ind1=" " ind2=" ">
    <subfield code="a">20th ed.</subfield>
  </datafield>
  <datafield tag="260" ind1=" " ind2=" ">
    <subfield code="a">New York :</subfield>
    <subfield code="b">McGraw-Hill Education,</subfield>
    <subfield code="c">2015.</subfield>
  </datafield>
  <datafield tag="300" ind1=" " ind2=" ">
    <subfield code="a">xxxv, 889 + various pages :</subfield>
    <subfield code="b">ill. col. ;</subfield>
    <subfield code="c">26 cm.</subfield>
  </datafield>
  <datafield tag="500" ind1=" " ind2=" ">
    <subfield code="a">Includes glossary and index.</subfield>
  </datafield>
  <datafield tag="505" ind1=" " ind2=" ">
    <subfield code="a">Contents: Part one: Introduction to economics and the economy: Limits, alternatives, and choices -- The market system and the circular flow -- Part two: Price, quantity and efficiency: Demand, supply and market equilibrium -- Market failures: public goods and externalities -- Government's role and government failure -- Part three: Consumer behavior: Elasticity -- Utility maximization -- Behavioral economics -- Part four: Microeconomics of product markets: Businesses and the costs of production -- Pure competition in the short run -- Pure competition in the long run -- Pure monopoly --Monopolistic competition and oligopoly -- Technology, R&amp;D, and efficiency -- Part five: Microeconomics of resource markets and government: The demand for resources -- Wage determination -- Rent, interest, and profit -- Natural resources and energy economics -- Public finance: expenditures and taxes -- Part six: Microeconomics issues and policies: Antitrust policy and regulation -- Agriculture: economics and policy-- Income inequality, poverty, and discrimination -- Health care -- Immigration -- Part seven: GDP, growth, and instability: An introduction to macroeconomics -- Measuring domestic output and national income -- Economic growth -- Business cycles, unemployment, and inflation -- Part eight: Macroeconomic models and fiscal policy: Basic macroeconomic relationships -- The aggregate expenditures model -- Aggregate demand and aggregate supply -- Fiscal policy, deficits, and debt -- Part nine: Money, banking, and monetary policy: Money, banking, and financial institutions -- Money creation -- Interest rates and monetary policy -- Financial economics -- Part ten: Extensions and issues: Extending the analysis of aggregate supply -- Current issues in macro theory and policy -- Part eleven: International economics: International trade -- The balance of payments, exchange rates, and trade -deficits.</subfield>
  </datafield>
  <datafield tag="700" ind1=" " ind2=" ">
    <subfield code="a">Brue, Stanley L.</subfield>
    <subfield code="9">1630</subfield>
  </datafield>
  <datafield tag="700" ind1=" " ind2=" ">
    <subfield code="a">Flynn, Sean M.</subfield>
    <subfield code="9">1624</subfield>
  </datafield>
  <datafield tag="942" ind1=" " ind2=" ">
    <subfield code="2">lcc</subfield>
    <subfield code="c">BK</subfield>
  </datafield>
  <datafield tag="999" ind1=" " ind2=" ">
    <subfield code="c">9979</subfield>
    <subfield code="d">17479</subfield>
  </datafield>
  <datafield tag="952" ind1=" " ind2=" ">
    <subfield code="0">0</subfield>
    <subfield code="1">0</subfield>
    <subfield code="2">lcc</subfield>
    <subfield code="4">0</subfield>
    <subfield code="7">0</subfield>
    <subfield code="a">WIUC-1</subfield>
    <subfield code="b">WIUC-1</subfield>
    <subfield code="c">GEN</subfield>
    <subfield code="d">2023-08-08</subfield>
    <subfield code="l">0</subfield>
    <subfield code="o">HB171.5.M47(20e)	</subfield>
    <subfield code="p">9492/193/23</subfield>
    <subfield code="r">2023-08-08 00:00:00</subfield>
    <subfield code="t">1</subfield>
    <subfield code="w">2023-08-08</subfield>
    <subfield code="y">BK</subfield>
  </datafield>
  <datafield tag="952" ind1=" " ind2=" ">
    <subfield code="0">0</subfield>
    <subfield code="1">0</subfield>
    <subfield code="2">lcc</subfield>
    <subfield code="4">0</subfield>
    <subfield code="7">0</subfield>
    <subfield code="a">WIUC-1</subfield>
    <subfield code="b">WIUC-1</subfield>
    <subfield code="c">GEN</subfield>
    <subfield code="d">2023-08-08</subfield>
    <subfield code="o">HB171.5.M471(20e)	</subfield>
    <subfield code="p">9493/194/23</subfield>
    <subfield code="r">2023-08-08 00:00:00</subfield>
    <subfield code="t">2</subfield>
    <subfield code="w">2023-08-08</subfield>
    <subfield code="y">BK</subfield>
  </datafield>
</record>
